Movies Quiz

Random Movies or Director Quiz

Final Oscar Nomination Quiz Stats

 Plays Quiz not verified by Sporcle

Challenge
Share
Tweet
Embed
Score 0/25 Timer 05:00
0 Plays Today
Person Movie % Correct
Heath LedgerThe Dark Knight
92.7%
James DeanGiant
84.7%
John WayneTrue Grit
82.3%
Katharine HepburnOn Golden Pond
80.8%
Paul NewmanRoad to Perdition
73.9%
Alfred HitchcockPsycho
73.5%
Vivien LeighA Streetcar Named Desire
69.6%
Orson WellesCitizen Kane
69.6%
Robert AltmanGosford Park
69.4%
Gary CooperHigh Noon
69.2%
Gregory PeckTo Kill a Mockingbird
69.2%
Spencer TracyGuess Who's Coming to Dinner
67.7%
Peter O'TooleVenus
66.8%
Person Movie % Correct
Elizabeth TaylorWho's Afraid of Virginia Woolf?
65.1%
Stanley KubrickFull Metal Jacket
64.7%
Fred AstaireThe Towering Inferno
62.1%
Bette DavisWhat Ever Happened to Baby Jane?
59.3%
Nora EphronSleepless in Seattle
52.8%
David LeanA Passage to India
50.2%
Jack LemmonMissing
46.3%
River PhoenixRunning on Empty
45.9%
Lynn RedgraveGods and Monsters
44.6%
Charles ChaplinLimelight
43.3%
Laurence OlivierThe Boys from Brazil
41.8%
Marlon BrandoA Dry White Season
39%

You're not logged in!

Compare scores with friends on all Sporcle quizzes.
Join for Free
OR
Log In

You Might Also Like...

Show Comments

Extras

Top Quizzes Today


Score Distribution

Your Account Isn't Verified!

In order to create a playlist on Sporcle, you need to verify the email address you used during registration. Go to your Sporcle Settings to finish the process.

Report this User

Report this user for behavior that violates our Community Guidelines.

Details: